[Event "BLR-ch"]
[Site "Minsk"]
[Date "1993.??.??"]
[Round "?"]
[White "Korzubov, Peter"]
[Black "Dydyshko, Viacheslav"]
[Result "1-0"]
[WhiteElo "2465"]
[BlackElo "2490"]
[PlyCount "63"]
[EventDate "1993.??.??"]
[EventType "tourn"]
[EventRounds "11"]
[EventCountry "BLR"]
[SourceTitle "EXT 1999"]
[Source "ChessBase"]
[SourceDate "1998.11.16"]
[SourceVersion "1"]
[SourceVersionDate "1998.11.16"]
[SourceQuality "1"]

1. e4 c5 2. Nf3 d6 3. Bb5+ Nd7 4. d4 Ngf6 5. Nc3 a6 6. Bxd7+ Nxd7 7. 0-0 e6 8. dxc5 Nxc5 9. Bf4 Qc7 10. e5 d5 11. Nd4 b5 12. a3 Bb7 13. Re1 Ne4 14. Nxe4 dxe4 15. c3 g5 16. Bxg5 Qxe5 17. Bh4 Rg8 18. Bg3 Qg5 19. a4 h5 20. axb5 h4 21. bxa6 Bc8 22. Qa4+ Bd7 23. Nxe6 fxe6 24. Qxe4 Ra7 25. Bxh4 Qb5 26. c4 Qh5 27. Bg3 Bb4 28. Qf4 Ra8 29. Red1 Bc5 30. b4 Bxb4 31. Qc7 Rg7 32. Qb7 1-0

[Event "URS-ch58"]
[Site "Moscow"]
[Date "1991.??.??"]
[Round "6"]
[White "Korzubov, Peter"]
[Black "Budnikov, Alexandar"]
[Result "1/2-1/2"]
[WhiteElo "2455"]
[BlackElo "2525"]
[PlyCount "124"]
[EventDate "1991.11.??"]
[EventType "swiss"]
[EventRounds "11"]
[EventCountry "URS"]
[SourceTitle "URS-ch"]
[Source "ChessBase"]
[SourceDate "1999.07.01"]
[SourceVersion "1"]
[SourceVersionDate "1999.07.01"]
[SourceQuality "1"]

1. Nf3 d5 2. g3 c6 3. Bg2 Bg4 4. 0-0 Nd7 5. d3 e6 6. Nbd2 Bd6 7. h3 Bh5 8. e4 Ne7 9. Qe2 0-0 10. g4 Bg6 11. Nh4 Qc7 12. Ndf3 Rae8 13. Bd2 f6 14. Nxg6 Nxg6 15. Rae1 Bf4 16. exd5 Bxd2 17. Qxd2 cxd5 18. Nd4 Nf4 19. Nb5 Qb8 20. c4 a6 21. Nc3 Qd6 22. cxd5 exd5 23. d4 f5 24. Rxe8 Rxe8 25. Re1 Rf8 26. Qe3 fxg4 27. hxg4 h6 28. Qe7 Rf6 29. Qxd6 Rxd6 30. Re3 Kf7 31. Rf3 Rf6 32. Rg3 Nb6 33. g5 Rf5 34. gxh6 gxh6 35. Bf1 Rf6 36. a4 Nd7 37. Ne2 Nxe2+ 38. Bxe2 Rb6 39. Bh5+ Kf6 40. Be8 Nf8 41. Rf3+ Ke7 42. Bh5 Nd7 43. Re3+ Kd8 44. b3 Rb4 45. Rd3 Ke7 46. Kf1 Nb8 47. Ke2 Nc6 48. Ke3 Kf6 49. Bf3 Ke6 50. Bg4+ Kd6 51. Bd1 b5 52. axb5 Rxb5 53. Kd2 Rb4 54. Kc3 a5 55. Rd2 Na7 56. Be2 Rb8 57. Rd1 Re8 58. Kd3 Rb8 59. Kc3 Rf8 60. Rh1 Rxf2 61. Rxh6+ Kc7 62. Rh7+ Kb6 1/2-1/2

[Event "URS-ch58"]
[Site "Moscow"]
[Date "1991.??.??"]
[Round "7"]
[White "Shcherbakov, Ruslan"]
[Black "Korzubov, Peter"]
[Result "0-1"]
[WhiteElo "2525"]
[BlackElo "2455"]
[PlyCount "88"]
[EventDate "1991.11.??"]
[EventType "swiss"]
[EventRounds "11"]
[EventCountry "URS"]
[SourceTitle "URS-ch"]
[Source "ChessBase"]
[SourceDate "1999.07.01"]
[SourceVersion "1"]
[SourceVersionDate "1999.07.01"]
[SourceQuality "1"]

1. d4 f5 2. g3 Nf6 3. Bg2 d6 4. c4 g6 5. Nc3 Bg7 6. Nh3 0-0 7. d5 c5 8. 0-0 Na6 9. Nf4 Nc7 10. Re1 Ng4 11. Qc2 Rb8 12. a4 Ne5 13. Nb5 a6 14. Nxc7 Qxc7 15. Bd2 b5 16. axb5 axb5 17. cxb5 Rxb5 18. Bc3 Rb8 19. h4 Qb6 20. e4 Bf6 21. Nd3 Ng4 22. e5 c4 23. Nb4 dxe5 24. Bf3 f4 25. Kg2 Bf5 26. Be4 fxg3 27. fxg3 Bg7 28. Bxf5 Rxf5 29. Kh3 h5 30. Nc6 Re8 31. Re2 Kh7 32. Rae1 Nf2+ 33. Kg2 Nd3 34. Rf1 Rxf1 35. Kxf1 Rf8+ 36. Kg2 Qc5 37. Na5 Qxd5+ 38. Kh2 Rf1 39. Rg2 e4 40. Qe2 Bxc3 41. Qxf1 Bxa5 42. Qf8 Bb4 43. Re2 Ne5 44. Qf4 e3 0-1

[Event "URS-ch58"]
[Site "Moscow"]
[Date "1991.??.??"]
[Round "9"]
[White "Vaganian, Rafael A"]
[Black "Korzubov, Peter"]
[Result "1-0"]
[WhiteElo "2585"]
[BlackElo "2455"]
[PlyCount "77"]
[EventDate "1991.11.??"]
[EventType "swiss"]
[EventRounds "11"]
[EventCountry "URS"]
[SourceTitle "URS-ch"]
[Source "ChessBase"]
[SourceDate "1999.07.01"]
[SourceVersion "1"]
[SourceVersionDate "1999.07.01"]
[SourceQuality "1"]

1. Nf3 d6 2. g3 f5 3. Bg2 Nf6 4. c4 g6 5. Nc3 Bg7 6. 0-0 0-0 7. Rb1 e5 8. d3 Nh5 9. Bg5 Qe8 10. Nd5 Rf7 11. Bd2 h6 12. b4 c6 13. Nc3 g5 14. e3 Nf6 15. b5 c5 16. Ne1 f4 17. exf4 gxf4 18. gxf4 Bg4 19. f3 Bh5 20. fxe5 dxe5 21. Bh3 Nbd7 22. Ne4 Nxe4 23. dxe4 Qe7 24. Ng2 Raf8 25. Rb3 Nf6 26. Qe1 Ne8 27. Qh4 Qxh4 28. Nxh4 Rf6 29. Bc3 Bxf3 30. Bxe5 Bxe4 31. Bxf6 Bxf6 32. Be6+ Kh8 33. Re3 Bh7 34. Kg2 Nd6 35. Bd5 Kg7 36. Rg3+ Bg5 37. Nf3 Bd3 38. Re1 Kh7 39. Nxg5+ 1-0

[Event "URS-chT clubs"]
[Site "Roslavl"]
[Date "1989.??.??"]
[Round "?"]
[White "Moroz, Alexander"]
[Black "Korzubov, Peter"]
[Result "1/2-1/2"]
[WhiteElo "2345"]
[BlackElo "2455"]
[PlyCount "86"]
[EventDate "1989.??.??"]
[EventType "team-swiss"]
[EventRounds "11"]
[EventCountry "URS"]
[SourceTitle "EXT 1998"]
[Source "ChessBase"]
[SourceDate "1997.11.17"]
[SourceVersion "1"]
[SourceVersionDate "1997.11.17"]
[SourceQuality "1"]

1. e4 c5 2. Nf3 d6 3. d4 cxd4 4. Nxd4 Nf6 5. Nc3 e5 6. Bb5+ Bd7 7. Bxd7+ Qxd7 8. Nf5 Nc6 9. 0-0 Nxe4 10. Nxe4 Qxf5 11. Nxd6+ Bxd6 12. Qxd6 Qd7 13. Qc5 Qe7 14. Be3 Qxc5 15. Bxc5 0-0-0 16. Rfd1 e4 17. Kf1 f5 18. Ke2 b6 19. Be3 Rhf8 20. g3 g6 21. h4 Rf7 22. Rxd8+ Nxd8 23. a4 Rc7 24. c3 Nb7 25. h5 Na5 26. hxg6 hxg6 27. Rh1 Nb3 28. Bf4 Rg7 29. Rh8+ Kb7 30. Bh6 Rf7 31. Rg8 Nc5 32. Rxg6 Nxa4 33. Bc1 Nc5 34. b4 Na4 35. Bd2 Nb2 36. Bg5 Nc4 37. Bf4 a5 38. bxa5 bxa5 39. Rg8 Rd7 40. Rf8 Rd5 41. g4 fxg4 42. Re8 Kc6 43. Rxe4 Kb5 1/2-1/2